Programming microsoft ASP.NET 4 (Record no. 34019)

MARC details
000 -LEADER
fixed length control field 00611nam a2200181Ia 4500
020 ## - INTERNATIONAL STANDARD BOOK NUMBER
ISBN 9780735643383
050 ## - CALL MARK
Classification number TK 5105.8885.A26 .E87/
100 ## - STATEMENT OF RESPONSIBILITY--MAIN AUTHOR NAME
Personal name Esposito, Dino
245 #0 - TITLE STATEMENT
Title Programming microsoft ASP.NET 4
260 ## - PUBLICATION, DISTRIBUTION, ETC. (IMPRINT)
Place of publication Washington
260 ## - PUBLICATION, DISTRIBUTION, ETC. (IMPRINT)
Name of publisher Microsoft Press
260 ## - PUBLICATION, DISTRIBUTION, ETC. (IMPRINT)
Year of publication 2011
300 ## - PHYSICAL DESCRIPTION
Number of Pages 965 p
650 ## - SUBJECT ADDED ENTRY--TOPICAL TERM
Topical Term Active server pages. Active server pages (Computer software) Web sites--Design. Web site development. Internet programming. Web sites--Design. Microsoft .NET.
942 ## - ADDED ENTRY ELEMENTS (KOHA)
Koha item type Books
Holdings
Withdrawn status Lost status Source of classification or shelving scheme Damaged status Not for loan Permanent Location Current Location Date acquired Accession Number Price effective from Koha item type
    Library of Congress Classification     NILE UNIVERSITY OF NIGERIA - MAIN LIBRARY NILE UNIVERSITY OF NIGERIA - MAIN LIBRARY 04/23/2025 0185840 04/23/2025 Books